000 00531nam a2200217Ia 4500
003 OSt
005 20220928140719.0
006 a|||||r|||| 00| 0
007 ta
008 220927b |||||||| |||| 00| 0 eng d
024 _a11313
037 _cTextual
040 _aSDCL
_cSDCL
_beng
041 _2eng
_aeng
082 _aQ141:26x1, L3
100 _aKarmarkar Au.
_9497226
245 0 _aGaudapada- karika.
260 _c1973
942 _hQ141:26x1, L3
_cTEXL
_2CC
999 _c813744
_d813744